New headway english course Upper - intermediate Workbook

Đã lưu trong:
Sonraí Bibleagrafaíochta
Príomhúdar: Soars, Liz
Údair Eile: Devoy, Jo, Soars, John
Formáid: Leabhar
Teanga:English
Foilsithe: New York Oxford University Press 1998
Ábhair:
Clibeanna: Cuir Clib Leis
Gan Chlibeanna, Bí ar an gcéad duine leis an taifead seo a chlibeáil!
Thư viện lưu trữ: Trung tâm Học liệu Lê Vũ Hùng, Trường Đại học Đồng Tháp
LEADER 00898pam a22002778a 4500
001 00025171
005 20171026081023.0
008 110731s1998 ||||||engsd
020 # # |a 0 19 435801 1 
041 0 # |a eng 
082 1 4 |a 428  |b N200W 
100 1 # |a Soars, Liz 
245 1 0 |a New headway english course  |b Upper - intermediate Workbook  |c Liz & John Soars whith Jo Devoy 
260 # # |a New York  |b Oxford University Press  |c 1998 
300 # # |a 104 p.  |b ill.  |c 29 cm. 
650 # 4 |a Bài tập 
650 # 4 |a Tiếng anh 
700 1 # |a Devoy, Jo 
700 1 # |a Soars, John 
852 # # |b Kho giáo trình  |j KGT.0027939, KGT.0027940 
852 # # |b Kho mượn  |j KGT.0027939 
852 # # |b Kho đọc  |j KD.0008839 
852 # # |j KD.0008839  |j KGT.0027939  |j KGT.0027940 
910 0 # |a Ntuye  |d 31/07/2011 
980 # # |a Trung tâm Học liệu Lê Vũ Hùng, Trường Đại học Đồng Tháp